Kraje produkujące najwięcej miodu na świecie - Statystyki

Ogólne statystyki
  • Ten quiz został rozwiązany 50 razy
  • Średni wynik to 19 z 30
Statystyki odpowiedzi
produkcja (tony rocznie) % Poprawnych
Chiny 457 203
100%
Stany Zjednoczone 69 104
98%
Polska 23 472
95%
Rosja 65 006
95%
Niemcy 20 333
93%
Brazylia 42 346
90%
Indie 67 442
90%
Kanada 39 116
90%
Meksyk 64 253
88%
Ukraina 71 279
88%
Argentyna 79 468
83%
Francja 17 489
83%
Hiszpania 36 394
80%
Turcja 114 113
78%
Grecja 21 400
76%
Iran 77 567
71%
Rumunia 29 162
71%
Chile 12 000
59%
Korea Południowa 26 720
54%
Węgry 27 963
51%
Urugwaj 20 422
46%
Wietnam 20 415
46%
Nowa Zelandia 20 000
41%
Kenia 20 525
39%
Etiopia 50 000
29%
Tanzania 30 584
29%
Uzbekistan 12 578
17%
Angola 23 411
12%
Mali 11 964
10%
Republika Środkowoafrykańska 16 200
7%
Nie znaleziono quizów pasujących do podanych kryteriów
Rozkład punktacji
Procent ludzi z każdym wynikiem
Percentyl według liczby udzielonych odpowiedzi
Twoja historia wyników
Nie rozwiązałeś tego quizu